Definitívne výsledky 16. kola periodických aukcií RM-Systému Slovakia, od 20.4.1994 do 3.5.1994

Abecedne usporiadaný zoznam emitentov - akciových spoločností s uvedením aukčných kúpnych cien, ponuky a dopytu a objemov uzavretých obchodov.

Gespeichert in:
Bibliographische Detailangaben
Format: Buchkapitel
Sprache:Slowakisch
Schlagworte:
Tags: Tag hinzufügen
Keine Tags, Fügen Sie das erste Tag hinzu!

MARC

LEADER 00000naa a2200000 4500
001 r015140
005 20221213114406.0
041 0 |a slo 
044 |a SK 
245 1 0 |a Definitívne výsledky 16. kola periodických aukcií RM-Systému Slovakia, od 20.4.1994 do 3.5.1994 
520 |a Abecedne usporiadaný zoznam emitentov - akciových spoločností s uvedením aukčných kúpnych cien, ponuky a dopytu a objemov uzavretých obchodov. 
610 2 0 |a RM-Systém Slovakia 
610 2 0 |a aukcie 
610 2 0 |a akcie 
610 2 0 |a obchody mimoburzové 
610 2 0 |a papiere cenné 
610 2 0 |a 1994 
610 2 0 |a apríl-máj 
610 2 0 |a trh kapitálový 
610 2 0 |a Slovensko